Alternatívy Javascriptu a ich efektivita a využitie vo webových aplikáciách bakalárska práca

Saved in:
Bibliographic Details
Main Author: Fiľo, Pavel
Corporate Author: Fakulta hospodárskej informatiky EU. Katedra aplikovanej informatiky
Other Authors: Sojka, Pavol, 1978-
Format: Book
Language:Slovak
Published: Bratislava 2022
Tags: Add Tag
No Tags, Be the first to tag this record!

MARC

LEADER 00000nbm a2200000 4500
001 0286067
005 20221213112256.0
041 0 |a slo 
044 |a SK 
245 1 0 |a Alternatívy Javascriptu a ich efektivita a využitie vo webových aplikáciách  |b bakalárska práca  |c Pavel Fiľo ; školiteľ: Pavol Sojka 
264 1 |a Bratislava  |c 2022 
300 |a 40 s. 
100 1 |a Fiľo, Pavel 
700 1 |a Sojka, Pavol, 1978- 
710 2 |a Fakulta hospodárskej informatiky EU. Katedra aplikovanej informatiky